[Event "ROM-ch U10"]
[Site "Calimanesti"]
[Date "2018.04.02"]
[Round "8"]
[White "Iancu, Cezar Stefan"]
[Black "Iosif, Ianis Mihai"]
[Result "0-1"]
[WhiteElo "1001"]
[BlackElo "1026"]
[PlyCount "122"]
[EventDate "2018.03.27"]
[EventType "swiss"]
[EventRounds "9"]
[EventCountry "ROU"]
[SourceTitle "CBM 183 Extra"]
[Source "ChessBase"]
[SourceDate "2018.04.19"]
[SourceVersion "1"]
[SourceVersionDate "2018.04.19"]
[SourceQuality "1"]

1. e4 d5 2. exd5 Qxd5 3. Nc3 Qa5 4. Nf3 Nf6 5. Bc4 Bg4 6. 0-0 e6 7. h3 Bh5 8. d4 Bd6 9. Re1 Nbd7 10. d5 0-0-0 11. dxe6 Nb6 12. Bb3 Bh2+ 13. Kxh2 Rxd1 14. Rxd1 Bxf3 15. gxf3 fxe6 16. Bxe6+ Kb8 17. Bg4 Nxg4+ 18. hxg4 h5 19. g5 Qf5 20. Rd3 Kc8 21. Bd2 Rd8 22. Rxd8+ Kxd8 23. Ne4 Qxf3 24. Re1 Na4 25. b3 Nc5 26. Nxc5 Qxf2+ 27. Kh1 Qxd2 28. Re5 Qc1+ 29. Kh2 Qxc2+ 30. Kg3 Qd2 31. Nxb7+ Kc8 32. Nc5 Qd6 33. Kf4 c6 34. Ke4 h4 35. Nd3 h3 36. Rf5 h2 37. Nf2 Qa3 38. Ke3 Qc1+ 39. Kf3 h1R 40. Nxh1 Qxh1+ 41. Kf4 Qh2+ 42. Kg4 g6 43. Rf8+ Kb7 44. Rg8 Qh5+ 45. Kf4 Kb6 46. Rb8+ Ka6 47. Rc8 Kb5 48. Ra8 Qe2 49. Rxa7 Qf2+ 50. Kg4 Qxa7 51. Kf4 Qxa2 52. Ke4 Qxb3 53. Kf4 Qf7+ 54. Kg3 c5 55. Kg4 c4 56. Kg3 c3 57. Kg2 c2 58. Kg1 c1R+ 59. Kh2 Qb3 60. Kg2 Rc2+ 61. Kf1 Qb1# 0-1

[Event "ROM-ch U10"]
[Site "Calimanesti"]
[Date "2018.03.30"]
[Round "5"]
[White "Iosif, Ianis Mihai"]
[Black "Ratcu, Chris"]
[Result "0-1"]
[WhiteElo "1026"]
[BlackElo "1109"]
[PlyCount "80"]
[EventDate "2018.03.27"]
[EventType "swiss"]
[EventRounds "9"]
[EventCountry "ROU"]
[SourceTitle "CBM 183 Extra"]
[Source "ChessBase"]
[SourceDate "2018.04.19"]
[SourceVersion "1"]
[SourceVersionDate "2018.04.19"]
[SourceQuality "1"]

1. Nf3 Nc6 2. d4 d5 3. c4 e6 4. Bf4 Nf6 5. e3 Bb4+ 6. Nbd2 Ne4 7. a3 Bxd2+ 8. Nxd2 Nxd2 9. Qxd2 Bd7 10. Bd3 g5 11. Bg3 h5 12. cxd5 exd5 13. e4 dxe4 14. Bxe4 h4 15. Be5 f6 16. d5 Nxe5 17. Qe2 Qe7 18. 0-0 0-0-0 19. Rac1 Ba4 20. Qe3 b6 21. b3 Be8 22. Qe2 Rd6 23. Rc2 h3 24. g3 g4 25. Rfc1 c5 26. b4 Nf3+ 27. Kh1 Rd7 28. Bf5 Qxe2 29. Bxd7+ Bxd7 30. Rxe2 Bb5 31. Re4 f5 32. bxc5 fxe4 33. cxb6+ Kb7 34. bxa7 Kxa7 35. Rd1 Bd3 36. Rc1 Rb8 37. Rc7+ Rb7 38. Rxb7+ Kxb7 39. d6 Bf1 40. d7 Bg2# 0-1